| 000 | 03693nam a2200469Ii 4500 | ||
|---|---|---|---|
| 001 | DIGRBN0192 | ||
| 003 | NyNyDIG | ||
| 008 | 160621t20152015sp a ob 000 0 spa d | ||
| 006 | m o d | ||
| 007 | cr ||||||||||| | ||
| 020 |
_a9788416170111 _q(eBook ; _qpdf) |
||
| 020 | _z9788416170104 | ||
| 020 | _z841617010X | ||
| 040 |
_aDGITA _beng _erda _epn _cDGITA |
||
| 043 | _ae-sp--- | ||
| 050 | 1 | 4 | _aJN8210 ebook |
| 245 | 0 | 3 |
_aLa transición española : _bnuevos enfoques para un viejo debate / _cMarie-Claude Chaput y Julio Pérez Serrano (editores). |
| 250 | _aEdición digital. | ||
| 264 | 1 |
_aMadrid : _bBiblioteca Nueva, _c2015. |
|
| 264 | 4 | _c©2015 | |
| 300 |
_a1 online resource (355 pages) : _billustrations. |
||
| 336 |
_atext _btxt _2rdacontent |
||
| 337 |
_acomputer _bc _2rdamedia |
||
| 338 |
_aonline resource _bcr _2rdacarrier |
||
| 490 | 1 | _aColección Historia Biblioteca Nueva | |
| 504 | _aIncludes bibliographical references. | ||
| 505 | 2 | _aFundamentos de la transición / Salustiano del Campo -- Las elecciones de 1977, mitologías y sombras / Marie-Claude Chaput -- Narcís Serra, el socialista catalán que hizo la reforma militar / Pilar Martínez-Vasseur -- Volver sobre la Inmaculada Transición: el mito de una transición pacífica en España / Sophie Baby -- Estrategias de la izquierda radical en el segundo Franquismo y la Transición (1956-1982) / Julio Pérez Serrano -- Transición desde los municipios / Mónica Fernández Amador y Rafael Quirosa-Cheyrouze y Muñoz -- Sindicatos y transición en 1977 / Carmen González Martínez -- Movilización y desmovilización estudiantil durante la transición (1968-1982) / Eduardo González Calleja -- El País frente a la disidencia en el inicio de la Transición / Marie-Christine Moreau -- En los márgenes de la Transición: revistas, discursos y proyectos políticos / Aránzazu Sarría Buil -- La fe republicana de José Bergamín frente al espíritu de la transición / Iván López Cabello -- Las mutaciones socioculturales durante la transición democrática española: el caso de la revista satírica El Papus / Marine Lopata -- Seis miradas entrecruzadas sobre La Transición / Pierre-Paul Gregorio -- Las fotos de La Transición / Mario P. Díaz Barrado -- Políticas monumentales y espacios memoriales en torno a La Transición / Jesús Alonso Carballés -- Un balance crítico de la Transición política española / Jaime Pastor Verdú -- La reforma política desde la perspectiva actual / Eugenio del Río Gabarain -- La fueza de la palabra en los ideales democráticos de Luisa Isabel Alvarez de Toledo / Liliane Ma Dahlmann -- La Transición o la perpetuación de la clase dominante / José Vidal-Beneyto -- José Vidal Beneyto la la Delegación Exterior de la Junta democrática de España (1975-1976) / Antonio Sintado -- Archivo personal José Vidal Beneyto. | |
| 588 | 0 | _aOnline resource; title from PDF title page (Digitalia, viewed October 21, 2016) | |
| 650 | 0 |
_aDemocratization _zSpain _xHistory _y20th century. |
|
| 650 | 0 |
_aDemocracy _zSpain _xHistory _y20th century. |
|
| 651 | 0 |
_aSpain _xPolitics and government _y1975- |
|
| 655 | 0 | _aElectronic books. | |
| 700 | 1 |
_aChaput, Marie Claude, _eeditor. |
|
| 700 | 1 |
_aPérez Serrano, Julio, _eeditor. |
|
| 776 | 0 | 8 |
_iPrint version: _tTransición española. _dMadrid : Biblioteca Nueva, 2015. _z9788416170104 _w(OCoLC)907638586 |
| 791 | 2 |
_aDigitalia (Firm), _edistributor. |
|
| 793 | 0 |
_gDigitalia eBook Collection: _aBiblioteca Nueva |
|
| 830 | 0 | _aColección Historia Biblioteca Nueva. | |
| 856 | 4 | 0 |
_3Digitalia Hispánica _uhttps://www.digitaliapublishing.com/a/40178/ |
| 910 | _aPremium Collection: 2016 | ||
| 942 | _cRAA | ||
| 999 |
_c245390 _d245390 |
||